| 000 | 00451cam a2200205 4500 | ||
|---|---|---|---|
| 001 | D1215 | ||
| 008 | 090401t1972 xxu||||| |||| 00| 0 eng d | ||
| 035 | _a(Sirsi) u63088 | ||
| 041 | _aeng | ||
| 050 | _a526.9 | ||
| 100 | _aBannister, A. | ||
| 245 | _aSurveying | ||
| 250 | _a3rd | ||
| 260 |
_aLondon _bPitman Publishing _c1972 |
||
| 300 | _avii. 548p. ill. 22cm | ||
| 350 | _a0 | ||
| 700 | _aRaymond, S. | ||
| 942 | _n0 | ||
| 948 | _c04/03/1997 | ||
| 999 |
_c94509 _d94509 |
||